| 000 | 00436nam a22001697a 4500 | ||
|---|---|---|---|
| 999 |
_c11441 _d11441 |
||
| 003 | OSt | ||
| 008 | 220716b ||||| |||| 00| 0 eng d | ||
| 020 | _a9789388305877 | ||
| 082 | _a615.1 VEM | ||
| 100 | _aVEERAREDDY,Prabhakar Reddy | ||
| 245 | _aMCQ In Pharmaceutical Science for GPAT and NIPER | ||
| 250 | _a2nd | ||
| 260 |
_aHyderabad _bPharmaMed Press _c2016 |
||
| 300 | _a410 | ||
| 650 | _aCareer Guidance | ||
| 942 |
_2ddc _cBK _01 |
||